Zielone Stolice Europy - Statystyki

Ogólne statystyki
  • Ten quiz został rozwiązany 44 razy
    43 od ostatniego zresetowania
  • Średni wynik to 8 z 17
Statystyki odpowiedzi
Rok Miasto % Poprawnych
2010 Sztokholm
98%
2014 Kopenhaga
83%
2020 Lizbona
78%
2019 Oslo
78%
2023 Tallinn
78%
2025 Wilno
71%
2011 Hamburg
66%
2016 Lublana
66%
2024 Walencja
54%
2013 Nantes
34%
2015 Bristol
22%
2021 Lahti
22%
2017 Essen
15%
2022 Grenoble
12%
2018 Nijmegen
10%
2026 Guimarães
7%
2012 Vitoria
5%
Nie znaleziono quizów pasujących do podanych kryteriów
Rozkład punktacji
Procent ludzi z każdym wynikiem
Percentyl według liczby udzielonych odpowiedzi
Twoja historia wyników
Nie rozwiązałeś tego quizu od ostatniego zresetowania